LEADER 03064nam 2200601 450 001 9910164989903321 005 20200520144314.0 010 $a3-11-141643-7 024 7 $a10.1515/9783111416434 035 $a(CKB)3710000000469565 035 $a(SSID)ssj0001589749 035 $a(PQKBManifestationID)16284145 035 $a(PQKBTitleCode)TC0001589749 035 $a(PQKBWorkID)14880216 035 $a(PQKB)10835602 035 $a(MiAaPQ)EBC4804329 035 $a(DE-B1597)87733 035 $a(OCoLC)999371808 035 $a(DE-B1597)9783111416434 035 $a(Au-PeEL)EBL4804329 035 $a(CaPaEBR)ebr11344865 035 $a(CaONFJC)MIL939173 035 $a(OCoLC)948951250 035 $a(EXLCZ)993710000000469565 100 $a20170223h19691969 uy 0 101 0 $afre 135 $aurcnu|||||||| 181 $ctxt 182 $cc 183 $acr 200 10$aDocuments sur le regime des terres dans la principaute de Moree au XIVe siecle /$fpublies par Jean Longnon, Peter Topping 205 $aReprint 2015 210 1$aParis, [France] ;$aLa Haye, [The Netherlands] :$cMouton & Co.,$d1969. 210 4$d©1969 215 $a1 online resource (340 pages) $cillustrations, maps 225 0 $aDocuments et recherches sur l'économie des pays byzantins, islamiques et slaves et leurs relations commerciales au Moyen Âge ;$v9 300 $a"Ecole Pratique Des Hautes Etudes -- Sorbonne ; VI, Section." 300 $aIncludes indexes. 311 $a3-11-105221-4 327 $tFrontmatter -- $tPRÉFACE / $rLemerle, Paul -- $tABRÉVIATIONS ET SIGLES -- $tINTRODUCTION -- $tDOCUMENTS -- $tI.Donation à Nicolas Acciaiuoli (3 juin 1336) -- $tII. Donation à Nicolas Acciaiuoli (10 mai 1337) -- $tIII. Donation à Nicolas Acciaiuoli (16 juillet 1338) -- $tIV. Inventaire des biens de Nicolas Acciaiuoli en Morée (1354) -- $tV. Fragment d'inventaire (1354 environ) -- $tVI. Rapport sur les fiefs de Nicolas Acciaiuoli en Morée (1354 ou peu après) -- $tVII. Donation à Jean Siripando du château de Kosmina (29 juillet 1357) -- $tVIII. Rapport de Nicolas de Boiano sur les biens de Marie de Bourbon en Morée (1361) -- $tIX. Comptes de la châtellenie de Corinthe (1365) -- $tX. Lettre d'Aldobrando Baroncelli à Lorenzo Acciaiuoli (1379) -- $tXI. Cahier de recettes des fiefs d'Angelo Acciaiuoli (1379) -- $tXII. Cahier de recettes des fiefs de Lorenzo Acciaiuoli (1379) -- $tAPPENDICES -- $tAvant-Propos -- $tI. Noms de personne -- $tII. Noms de lieu et topographie -- $tIII. Institutions -- $tINDEX NOMINUM -- $tINDEX RERUM -- $tTABLE DES MATIÈRES 606 $aEconomic history$yMedieval, 500-1500$vSources 608 $aElectronic books. 615 0$aEconomic history 676 $a330.902 700 $aLongnon$b Jean$0205357 702 $aTopping$b Peter 801 0$bMiAaPQ 801 1$bMiAaPQ 801 2$bMiAaPQ 906 $aBOOK 912 $a9910164989903321 996 $aDocuments sur le regime des terres dans la principaute de Moree au XIVe siecle$92450196 997 $aUNINA LEADER 02025nam 2200517 450 001 9910155514103321 005 20230803035305.0 010 $a1-304-66995-5 035 $a(CKB)3710000000216928 035 $a(EBL)1671175 035 $a(SSID)ssj0001466762 035 $a(PQKBManifestationID)11786811 035 $a(PQKBTitleCode)TC0001466762 035 $a(PQKBWorkID)11487865 035 $a(PQKB)10816005 035 $a(MiAaPQ)EBC1671175 035 $a(EXLCZ)993710000000216928 100 $a20140905h20132013 uy| 1 101 0 $aeng 135 $aur|n|---||||| 181 $ctxt 182 $cc 183 $acr 200 14$aThe ambassadors /$fHenry James 210 1$aNew York, New York :$cSheba Blake Publishing,$d[2013] 210 4$d©2013 215 $a1 online resource (1306 p.) 300 $aDescription based upon print version of record. 330 $a The Ambassadors is a novel by Henry James, originally published 1903 as a series. It follows one Lambert Strether to Europe as he searches for his wealthy fiancee's son Chad Newsome, who's gone AWOL in Paris. The boy is supposed to be at home participating in the family business, but has clearly legged it abroad to have some fun. Once in Paris, Strether finds the boy, who is doing fine and living well, and is shown around and introduced to various intriguing characters. Eventually Strether's impressions of Parisian life, and culture (aka women) get the better of him, and he starts to wonder w 606 $aDiplomats$zWashington (D.C.) 606 $aAmericans$zFrance$vFiction 606 $aYoung men$vFiction 606 $aMan-woman relationships$vFiction 607 $aParis (France)$vFiction 615 0$aDiplomats 615 0$aAmericans 615 0$aYoung men 615 0$aMan-woman relationships 700 $aJames$b Henry$0131924 801 0$bMiAaPQ 801 1$bMiAaPQ 801 2$bMiAaPQ 906 $aBOOK 912 $a9910155514103321 996 $aAmbassadors$9181496 997 $aUNINA